Statistics for Soul Eater Characters Part 2.

Click here to take the quiz!

General Stats

  • This quiz has been taken 291 times
  • The average score is 10 of 19

Answer Stats

HintAnswer% Correct
The Grim Reaper and the Father of Death the Kid, and the Founder and Headmaster of Death Weapon Meister Academy.Lord Death
95%
A Mad Scientist hired to work as a Teacher at DWMA.Doctor Franken Stein
89%
Also Known as the Holy Sword, is the Most Powerful Weapon.Excalibur
79%
Is a Black Cat with Exceptionally Strong Magic Power.Blair
71%
A DWMA Teacher and Meister who is Fatally Stabbed in the head with a Miniature Statue of Liberty and Revived as a Zombie.Sid Barrett
69%
Is Arachne's steward and most faithful servant.Mosquito
67%
He is a Bookworm who takes his studies very seriously, but Considers himself to be a Great Warrior in battle.Ox Ford
65%
A Master Samurai and Bodyguard of a Young Witch named Angela.Mifune
59%
Is Maka's Father and the Sole Death Scythe resident to DWMA.Spirit Albarn
56%
The Death Scythe in Charge of Western Europe.Justin Law
53%
He is the author of the Book of Eibon, which contains blueprints of several other Artifacts called 'Demon Tools' or 'Magic Tools'.Eibon
52%
The Death Scythe with Jurisdiction over Oceania.Marie Mjolnir
49%
She is the object of fellow student Ox Ford's Affections, though she is oftentimes Annoyed by his Romantic Advances.Kim Diehl
33%
Nicknamed "J.B." and has a Fondness for Coffee.Joe Buttataki
27%
Is a Psychotic, Foul-Mouthed Demon Weapon with an Insatiable Bloodlust.Giriko
24%
The Death Scythe in Charge of Eastern Asia.Azusa Yumi
20%
Is a being who appears in Soul's Subconscious after he is Infected by Ragnarok's Black Blood, taking the form of a Small, Red Oni in a Black Double-Breasted Suit.Little Orge
20%
A Meister whose Weapon Partners, the Pot of Fire and Pot of Thunder.Kilik Rung
17%
He is a Weapon called the "Uncanny Sword" or "Enchanted Sword"Masamune
17%

Score Distribution

Percentile by Number Answered

Percent of People with Each Score

Your Score History

You have not taken this quiz